000 00945cab a2200313 4500
001 ABS55143
008 090401t1996 xxu||||| |||| 00| 0 eng d
035 _a(Sirsi) u14495
041 _aeng
245 _aEstates Times survey: Strathclyde and Central
260 _c1996
350 _a0
490 _aEstates Times
_v(1325) 17 May 1996, 15-25(11)
650 _aENTERPRISE ZONES
650 _aENVIRONMENTALLY-FRIENDLY BUILDINGS
650 _aEUROCENTRAL INDUSTRIAL AND DISTRIBUTION PARK
650 _aFORGE RETAIL PARK
650 _aGLASGOW
650 _aINVESTMENT MARKET
650 _aLANARKSHIRE ENTERPRISE ZONE
650 _aOFFICE DEVELOPMENT
650 _aPROPERTY-COMMERCIAL PROPERTY-RETAIL PROPERTY-RETAIL PROPERTY MARKET
650 _aRETAIL WAREHOUSING
650 _aSTIRLING
650 _aSTRATHCLYDE
690 _aPROPERTY-COMMERCIAL PROPERTY-COMMERCIAL PROPERTY MARKET
942 _n0
948 _c04/03/1997
999 _c9450
_d9450